Score 0/16 Timer 03:00
0 Plays Today
% Correct
Waffle
95.2%
Iceberg
95%
Dam
94.9%
Knapsack
94.2%
Coleslaw
94%
Afrikaans
93.2%
Manikin
92.9%
Easel
91.5%
% Correct
Bicker
90.1%
Wildebeest
88.6%
Meerkat
84.4%
Keelhaul
80.3%
Guilder
78.6%
Morass
75.9%
Aardvark
73%
Polder
62.2%
Remove Ads.
Support Sporcle.
Get the best of Sporcle when you Go Orange. This ad-free experience offers more features, more stats, and more fun while also helping to support Sporcle. Thank you for becoming a member.

You're not logged in!

Compare scores with friends on all Sporcle quizzes.
OR
Log In

Show Comments

Extras

Top Quizzes Today


Score Distribution

Your Account Isn't Verified!

In order to create a playlist on Sporcle, you need to verify the email address you used during registration. Go to your Sporcle Settings to finish the process.

Report this User

Report this user for behavior that violates our Community Guidelines.

Details: